Cities Over 1M People in 1920 - Statistics

General Stats
  • This quiz has been taken 77 times
  • The average score is 24 of 26
Answer Stats
Population Country City % Correct
4,025,000 Germany Berlin
100%
7,236,000 United Kingdom London
100%
8,047,000 United States New York
100%
4,965,000 France Paris
100%
4,168,000 Japan Tokyo
100%
3,315,000 United States Chicago
98%
1,000,001 Turkey Constantinople
98%
1,275,000 India Bombay
97%
1,070,000 Belgium Brussels
97%
1,225,000 Hungary Budapest
97%
2,275,000 Argentina Buenos Aires
97%
1,889,000 Japan Osaka
97%
1,700,000 China Shanghai
97%
1,845,000 Austria Vienna
97%
1,325,000 Brazil Rio de Janeiro
95%
1,545,000 Germany Hamburg
94%
2,306,000 United Kingdom Manchester
94%
1,694,000 United Kingdom Birmingham
92%
2,210,000 United States Boston
91%
2,302,000 United States Philadelphia
91%
1,445,000 United Kingdom Leeds
89%
1,201,000 United Kingdom Liverpool
89%
1,820,000 India Calcutta
88%
1,630,000 United Kingdom Glasgow
88%
1,199,000 United States Detroit
82%
1,261,000 United States Pittsburgh
53%
No matching quizzes found
Score Distribution
Percent of People with Each Score
Percentile by Number Answered
Your Score History
You have not taken this quiz